书目信息 |
| 题名: |
材料力学
|
|
| 作者: | 西田正孝 著 ;马安禧 译 | |
| 分册: | ||
| 出版信息: | 北京 高等教育出版社 1985 |
|
| 页数: | 354页 | |
| 开本: | 20cm | |
| 丛书名: | ||
| 单 册: | ||
| 中图分类: | TB301 | |
| 科图分类: | ||
| 主题词: | 工程材料 | |
| 电子资源: | ||
| ISBN: | ||
| 000 | 00646nam0 2200217 45 | |
| 001 | 0312221749 | |
| 005 | 20060420170918.57 | |
| 010 | @dCNY2.90 | |
| 091 | @a15010.0565 | |
| 100 | @a20031222d1985 km y0chiy0120 ea | |
| 101 | @achi@cjpn | |
| 200 | 1 | @a材料力学@Acai liao li xue@e附光弹性说明@f(日)西田正孝著@F(ri)xi tian zheng xiao zhu@g马安禧等译 |
| 210 | @a北京@c高等教育出版社@d1985 | |
| 215 | @a354页@d20cm | |
| 517 | 1 | @a附光弹性说明@Afu guang dan xing shuo ming |
| 606 | 0 | @a工程材料 |
| 690 | @aTB301@v3 | |
| 701 | 0 | @a西田正孝@Axi tian zheng xiao@4著 |
| 702 | 0 | @a马安禧@4译 |
| 801 | @aCN@bTSTCL@c20060420 | |
| 905 | @a213230@dTB301@e109 | |
| 材料力学:附光弹性说明/(日)西田正孝著/马安禧等译.-北京:高等教育出版社,1985 |
| 354页;20cm |
| ISBN :CNY2.90 |
| ● |
| 相关链接 |
|
|
|
|
正题名:材料力学
索取号:TB301/109
 
预约/预借
| 序号 | 登录号 | 条形码 | 馆藏地/架位号 | 状态 | 备注 |
| 1 | 0151872 | 202278123 | 密集书库/ [索取号:TB301/109] | 在馆 | |
| 2 | 0151873 | 202277936 | 密集书库/ [索取号:TB301/109] | 在馆 | |
| 3 | 0151874 | 001359149 | 第三借阅区/ [索取号:TB301/109] | 在馆 | |
| 4 | 0151875 | 001359185 | 密集书库/ [索取号:TB301/109] | 在馆 | |
| 5 | 0151876 | 202451916 | 第二样本阅览室/ [索取号:TB301/109] | 在馆 |